| 000 | 00648nam a2200229 a 4500 | ||
|---|---|---|---|
| 001 | BRCA_4809 | ||
| 005 | 20190320204821.0 | ||
| 008 | 750714s1947####mx-b######---#000-0#spa-# | ||
| 041 | _aspa | ||
| 044 | _amx | ||
| 050 | 4 |
_aG485 _b.A64 2 1947 |
|
| 100 | 1 |
_aApenes, Ola _d1898-1943. _910218 |
|
| 245 | 1 | 0 |
_aMapas antiguos del Valle de México _crecopilados y descritos por Ola Apenes. |
| 260 |
_aMéxico _bUNAM _c1947 |
||
| 300 |
_a31 p. _bil., 43 mapas _c24 cm. |
||
| 500 | _aIncluye índice de mapas | ||
| 500 | _aEjemplar igual a C78 | ||
| 500 | _aCFG54 | ||
| 650 | 1 | 4 |
_aCartografía _xHistoria _zMéxico. _9760 |
| 902 | _aGFM | ||
| 942 |
_2lcc _cB |
||
| 999 |
_c4506 _d4506 |
||